000 00647nam a2200241Ia 4500
003 OSt
005 20220918181610.0
006 a|||||r|||| 00| 0
007 ta
008 220917b |||||||| |||| 00| 0 eng d
024 _a27,814
037 _cTextual
040 _aARTS
_cARTS
_beng
041 _2eng
_aeng
082 _aO111,1M88:g, N0
245 0 _aT S Eliot Annual no 1 ed by Shyamal Bagchee
260 _aHapsheire
_bMacmillan
_c1990
300 _axiii,234p.
_ccm.
490 _aMacmillan literary annuals
650 _aENGLISH LITERATURE
942 _hO111,1M88:g, N0
_cTEXL
_2CC
999 _c166225
_d166225